Falošný hráč

Bibliographic Details
Main Author: Forsyth, Frederick, 1938-2025 (Author)
Other Authors: Voderadský, Ján, 1950- (Translator)
Format: Book
Language:Slovak
English
PhysicalDescription:492 strán 21 cm
Published: Bratislava Ikar 1999
ISBN:8071183717
Edition:V Ikare prvé vydanie
Subjects:

MARC

LEADER 00000cam a2200000 a 4500
001 vtls001381508
003 SK-MaSNL
005 20260302071522.0
008 240801s1999 xo er 000 f slo
015 |a SNBA2000/03-01064 
020 |a 8071183717 
035 |a SNK000335533 
035 |a urn:nbn:sk:snk-amk1h0 
035 |a urn:nbn:sk:snk-am0087j7 
035 |a B1794395-C9B6-408E-B2AA-5AB3C8D46E19 
040 |a SNK  |b slo  |c SNK  |e AACR2 
041 1 |a slo  |h eng 
044 |a xo  |c SK 
072 7 |a 821.111-3  |x Anglická próza, anglicky písaná  |2 konspekt 
080 |a 820-3  |2 1981 
080 |a 821.111-31  |2 2011 
080 |a (0:82-312.4)  |2 2011 
100 1 |a Forsyth, Frederick,  |d 1938-2025  |4 aut  |9 85574 
240 1 4 |a The deceiver  |l Slovensky 
245 1 0 |a Falošný hráč  |c Frederick Forsyth ; z anglického originálu The deceiver ... preložil Ján Voderadský 
250 |a V Ikare prvé vydanie 
260 |a Bratislava  |b Ikar  |c 1999 
300 |a 492 strán  |c 21 cm 
500 |a Celkove 2. vydanie 
655 7 |a anglické romány  |2 SNKPH  |9 70428 
655 7 |a špionážne romány  |2 SNKPH  |9 70652 
700 1 |a Voderadský, Ján,  |d 1950-  |4 trl  |9 37442 
852 |a Slovenská národná knižnica 
919 |a 80-7118-371-7 
954 |a beletria cudzojazyčná (svetová)  |2 lita 
958 |a UP 
958 |a LX 
968 |b ENG 
999 |c 1152467  |d 1154397 
952 |t P60, <03>, [BOOK], {603}  |a SNK  |b SNK  |y PREZ  |7 0  |p 17A0226135  |o snkSC 100659  |i snkKSP 1048/2000  |0 0  |1 0  |4 0  |d 2000-01-25  |f 1  |l 0  |r 2025-09-19 00:00:00  |w 2026-02-24 
952 |t P60, <05>, [BOOK], {605}  |a SNK  |b SNK  |y PREZ  |7 0  |p 17A0226136  |o snkSC 100659 D1  |i snkKSP 1049/2000  |0 0  |1 0  |4 0  |d 2000-01-25  |l 0  |r 2005-01-02 00:00:00  |w 2026-02-24